| 000 | 00325 a2200121 4500 | ||
|---|---|---|---|
| 003 | Nust | ||
| 005 | 20170207154220.0 | ||
| 040 | _cNust | ||
| 082 | _a371.33 | ||
| 245 | _aFive Step of Leadership; Serve to Lead (DVD-12) | ||
| 440 | _aFive Step of Leadership; Serve to Lead (DVD-12) | ||
| 538 | _aDuration Mins 26,30 | ||
| 650 |
_aTFC No 14 Ledership _cDVD-12 |
||
| 999 |
_c195267 _d195267 |
||